000 00773nam a2200253Ia 4500
003 OSt
005 20220927105709.0
006 a|||||r|||| 00| 0
007 ta
008 220926b |||||||| |||| 00| 0 eng d
024 _a201133
037 _cReference Collections
040 _aRTL
_cRTL
_beng
041 _2eng
_aeng
082 _a"Um73:N48, L1/RR"
100 _aHarris Chauncy D
_9374259
245 0 _aInternational List of Geographical Serials
260 _aChicago
_bUniversity of Chicago Department of Geography
_c1971
300 _a267p.
_ccm.
500 _aAppendix: P 177-87
700 _a Fellmann Jerome D
_9374260
942 _h"Um73:N48, L1/RR"
_cCC
999 _c693967
_d693967